<?xml version="1.0" encoding="UTF-8"?>
<collection xmlns="http://www.loc.gov/MARC21/slim">
 <record>
  <leader>00742cam a2200229 7i4500</leader>
  <controlfield tag="001">0000000803</controlfield>
  <controlfield tag="005">20150325090000.0</controlfield>
  <controlfield tag="003">  iicp-my</controlfield>
  <controlfield tag="005">  20021204212400.0</controlfield>
  <controlfield tag="008">000000                       00         </controlfield>
  <datafield tag="039" ind1=" " ind2="9">
   <subfield code="y">200212042124</subfield>
   <subfield code="z">VLOAD</subfield>
  </datafield>
  <datafield tag="090" ind1="0" ind2="0">
   <subfield code="a">338.70994 </subfield>
   <subfield code="b">BUS</subfield>
  </datafield>
  <datafield tag="245" ind1="0" ind2="0">
   <subfield code="a">The Business who's who of Australia..</subfield>
  </datafield>
  <datafield tag="260" ind1="0" ind2="0">
   <subfield code="a">Sydney: </subfield>
   <subfield code="b">R.G. Riddell,.</subfield>
  </datafield>
  <datafield tag="300" ind1=" " ind2=" ">
   <subfield code="a">2 v.; </subfield>
   <subfield code="c">29 cm..</subfield>
  </datafield>
  <datafield tag="310" ind1=" " ind2=" ">
   <subfield code="a">Irregular</subfield>
  </datafield>
  <datafield tag="500" ind1=" " ind2=" ">
   <subfield code="a">Description based on: 1965/66.</subfield>
  </datafield>
  <datafield tag="651" ind1=" " ind2="0">
   <subfield code="a">Australia -- </subfield>
   <subfield code="x">Commerce -- </subfield>
   <subfield code="x">Periodicals. </subfield>
  </datafield>
  <datafield tag="651" ind1=" " ind2="0">
   <subfield code="a">Australia -- </subfield>
   <subfield code="x">Commerce -- </subfield>
   <subfield code="x">Directories. </subfield>
  </datafield>
  <datafield tag="780" ind1="0" ind2="0">
   <subfield code="t">Business who's who of Australia and Australian purchasing year book</subfield>
  </datafield>
  <datafield tag="999" ind1=" " ind2=" ">
   <subfield code="a">1000006984</subfield>
   <subfield code="b">Book</subfield>
   <subfield code="c">Reference</subfield>
  </datafield>
  <datafield tag="999" ind1=" " ind2=" ">
   <subfield code="a">1000006985</subfield>
   <subfield code="b">Book</subfield>
   <subfield code="c">Reference</subfield>
  </datafield>
 </record>
</collection>
